Statistics for FIFA Ballon d'Or and world player of the year winners since 2000

Click here to take the quiz!

General Stats

  • This quiz has been taken 349 times
  • The average score is 12 of 14

Answer Stats

HintAnswer% Correct
2008Cristiano Ronaldo
100%
2013Cristiano Ronaldo
100%
2002Ronaldo
99%
2009Lionel Messi
94%
2010Lionel Messi
94%
2011Lionel Messi
94%
2012Lionel messi
94%
2007Kaka
88%
2005Ronaldinho
84%
2006Fabio Cannavaro
71%
2001Michael Owen
64%
2000Luis Figo
62%
2003Pavel Nedved
57%
2004Andriy Shevchenko
53%

Score Distribution

Percentile by Number Answered

Percent of People with Each Score

Your Score History

You have not taken this quiz